00901cam a2200313 i 450000100060000000300100000600500170001600700030003300800410003601700490007702000150012602000150014104000290015608000150018508400100020010000450021024000170025524500480027225000220032026400090034230000180035133600270036933700330039633800280042949000290045750400290048665000090051583000630052459261CO-BoRNBP20250926144029.0ta881215s1987 sp spa  aM 3027-1987bOficina Depósito Legal Madrid a8475670520 a8470800698 aSpMaBNbspacSpMaBNerdc a860-32"15" aN CER1 aCervantes Saavedra, Miguel ded1547-161613aLa gitanilla13aLa gitanilla/cMiguel de Cervantes Saavedra aPrimera edición c1980 a125 p.c18 cm 2rdacontentatextobtxt 2rdamediaasin mediaciónbn 2rdacarrieravolumenbnc1 aLiteratura universalv52 aBibliografía: p. 33-37 2LEMB 0aLiteratura universal (Ediciones y Distribuciones Alba)v52